Statistiques concernant Meilleurs gardiens de but de la Coupe du Monde de la FIFA

Cliquez ici pour prendre le quiz!

Statistiques générales

  • Ce quiz a été pris 97 fois
  • Le résultat moyen est 7 sur 22

Statistiques - réponses

anPaysMeilleur gardien% Correct
2018BelgiqueThibaut Courtois
99%
2014AllemagneManuel Neuer
94%
2006ItalieGianluigi Buffon
94%
1998FranceFabien Barthez
94%
2010EspagneIker Casillas
90%
2002AllemagneOliver Kahn
76%
1982ItalieDino Zoff
53%
1994BelgiqueMichel Preud'homme
39%
1966AngleterreGordon Banks
34%
1986BelgiqueJean-Marie Pfaff
24%
1974Allemagne de l'OuestSepp Maier
18%
1978ArgentineUbaldo Fillol
9%
1990ArgentineSergio Goycochea
7%
1970UruguayLadislao Mazurkiewicz
2%
1958Irlande du NordHarry Gregg
2%
1954HongrieGyula Grosics
2%
1934EspagneRicardo Zamora
2%
1962TchecoslovaquieViliam Schrojf
1%
1938TchecoslovaquieFrantišek Plánička
1%
1990Costa RicaLuis Gabelo Conejo
0%
1950UruguayRoque Máspoli
0%
1930UruguayEnrique Ballestrero
0%

Distribution des résultats

Percentile par nombre de réponses

% des personnes avec chaque résultat

Votre développement - résultats

Vous n’avez pas pris ce quiz